00987nam a2200205 a 450000100100000000500170001000800410002704000250006808200220009310000430011524500690015826000700022730000220029750002010031959000270052065100560054791000410060395201200064499900170076400001765620200929165202.0100329s1983 dr 000 0 spa d aDO-SdBNPbspacBNPHU a330.917193bA345h1 aAlburquerque Ramírez, Ramón93628310aHacia una economía renovada /cRamón Alburquerque Ramírez. aSanto Domingo :bSecretariado Técnico de la Presidencia,c1983. a20 p. : ;c21 cm. aTexto de la disertación pronunciada por el Ing. Ramón Alburquerque Ramírez Secretario Técnico de la Presidencia en el almuerzo mensual de la Cámara Américana de Comercio. -- En portada aInventariado, 2018/ YL 4aRepública DominicanaxPolítica Económica9643 aValidado. Control de calidad MMOLINA 0010718PDaPDbPDcHDd2010-03-29iLF1l0o330.917193 A345hp17656-10r2020-06-25w2020-06-25yLFPDZNo se presta c17181d17181